| 000 | 00841nam a2200229Ia 4500 | ||
|---|---|---|---|
| 001 | 9281 | ||
| 003 | GE_BSU | ||
| 008 | 181216s||||||||xx |||||||||||||| ||und|| | ||
| 040 | _cGE_BSU | ||
| 080 | _a355.489(47+57)+94(47+57)''1941-1945"(479.22) | ||
| 100 | _aშანშიაშვილი,დიმიტრი | ||
| 245 | _aმამაცი შევარდენი | ||
| 245 | _bსაბჭ.კავშირის გმირი დავით ჯაბიძე | ||
| 245 | _cრედ:გ.ფანჯიკიძე;მხატვ:ა.მინდიაშვილი | ||
| 260 | _aთბილისი. | ||
| 260 | _bსაბჭ.საქართველო | ||
| 260 | _c1966 | ||
| 300 | _a23გვ;20სმ. | ||
| 300 | _bილ. | ||
| 653 | _aმამაცი შევარდენი | ||
| 942 | _cBK | ||
| 999 |
_c42580 _d42580 |
||